000 00304nam a2200133Ia 4500
008 231129s1972||||xx |||||||||||||| ||spa||
040 _bspa
082 _a751.422 B433f
100 _aBell John G.
245 0 _aFigura y retrato en acuarela
260 _c1972
264 _aL.E.D.A.
942 _2ddc
_cBKS
999 _c13934
_d13934